Statistics for DFW metroplex and surrounding cities

Click here to take the quiz!

General Stats

  • This quiz has been taken 62 times
    (58 since last reset)
  • The average score is 25 of 73

Answer Stats

Answer% Correct
Dallas
93%
Fort Worth
93%
Arlington
88%
Denton
81%
Frisco
79%
Plano
79%
Irving
74%
McKinney
67%
Allen
64%
Garland
64%
Grapevine
57%
Grand Prairie
55%
Mesquite
55%
Richardson
52%
Carrollton
50%
Southlake
50%
Rockwall
48%
The Colony
48%
Waxahachie
48%
Flower Mound
45%
Lewisville
45%
Mansfield
43%
Euless
40%
Bedford
38%
Desoto
38%
Prosper
38%
Weatherford
38%
Keller
36%
Rowlett
36%
Wylie
36%
Coppell
33%
Duncanville
33%
Farmers Branch
33%
Addison
31%
Cedar Hill
31%
Midlothian
31%
Little Elm
29%
North Richland Hills
29%
Hurst
26%
Murphy
26%
Terrell
26%
Lancaster
24%
Balch Springs
21%
Burleson
21%
Fairview
21%
Forney
21%
Haltom City
21%
Lucas
21%
Trophy Club
21%
Cleburne
19%
Melissa
19%
White Settlement
19%
Kaufman
17%
Parker
17%
Roanoke
17%
Benbrook
14%
Hutchins
14%
Richland Hills
14%
Saginaw
14%
Sanger
14%
Seagoville
14%
Argyle
12%
Crowley
12%
Joshua
12%
Alvarado
10%
Justin
10%
Las Colinas
7%
Ferris
5%
Ponder
5%
Rhome
5%
Granbury
2%
Keene
2%
Kleberg
0%

Score Distribution

Percentile by Number Answered

Percent of People with Each Score

Your Score History

You have not taken this quiz since the last reset